| 000 | 00552nam a2200193 u 4500 | ||
|---|---|---|---|
| 005 | 20210223131601.0 | ||
| 008 | 110901s2002 ve r 000 0 spa d | ||
| 020 | _a9802571326 | ||
| 035 | _aUPN01000181654 | ||
| 049 | _aI | ||
| 050 | 4 |
_aPZ78 _bU7.3 |
|
| 100 | 1 |
_aUribe, Verónica _935424 |
|
| 245 | 1 | 0 |
_aDiego y la gran cometa voladora / _cVerónica Uribe ; il. Ivan Da Coll. |
| 260 |
_aCaracas : _bEkaré, _c2002. |
||
| 300 |
_a[32] p. : _bil. |
||
| 440 | 0 | _aPrimeras lecturas | |
| 650 | 4 |
_aCUENTOS INFANTILES CHILENOS _911282 |
|
| 905 | _aInfantil | ||
| 999 |
_c153757 _d153757 |
||